Govt. of
Madhya Pradesh

Inner voice (Record no. 69011)

MARC details
000 -LEADER
fixed length control field 00247nam a22001097a 4500
082 ## - DEWEY DECIMAL CLASSIFICATION NUMBER
Classification number 823/SHE
100 ## - MAIN ENTRY--AUTHOR NAME
Personal name Shenoi,Saratchandra
245 ## - TITLE STATEMENT
Title Inner voice
260 ## - PUBLICATION, DISTRIBUTION, ETC. (IMPRINT)
Place of publication New delhi
Name of publisher Sahitya akademi
Year of publication 2021
650 ## - SUBJECT ADDED ENTRY--TOPICAL TERM
Topical Term Poem
942 ## - ADDED ENTRY ELEMENTS (KOHA)
Koha item type Books
Holdings
Withdrawn status Lost status Damaged status Not for loan Home library Current library Date acquired Cost, normal purchase price Full call number Accession Number Price effective from Koha item type
        MACL MACL 09/04/2026 125.00 823/SHE CRE040471 09/04/2026 Books